Βιογραφικές ρήξης μεταναστευτριών από την Αλβανία με απασχόληση στην οικογενιακή εργασία στην Ελλάδα : [πτυχιακή εργασία]

Αποθηκεύτηκε σε:
Λεπτομέρειες βιβλιογραφικής εγγραφής
Κύριος συγγραφέας: Δαμιάνοβιτς, Βασιλική
Συγγραφή απο Οργανισμό/Αρχή: Πανεπιστήμιο Αιγαίου Σχολή Κοινωνικών Επιστημών Τμήμα Κοινωνιολογίας
Άλλοι συγγραφείς: Τρουμπέτα, Σεβαστή (Εισηγητής διατριβής)
Μορφή: Thesis Βιβλίο
Γλώσσα:Greek
Δημοσίευση: 2012
Θέματα:
Διαθέσιμο Online:http://hdl.handle.net/11610/7740
Ετικέτες: Προσθήκη ετικέτας
Δεν υπάρχουν, Καταχωρήστε ετικέτα πρώτοι!

MARC

LEADER 00000cam a2200000 i 4500
001 1/35482
008 130826s2012 gre d
035 |l 10115465 
040 |a GR-MY-UA  |b gre  |e aacr 
041 0 |a gre 
082 0 |a 331.48164  |2 (22) 
100 1 |a Δαμιάνοβιτς, Βασιλική. 
245 1 0 |a Βιογραφικές ρήξης μεταναστευτριών από την Αλβανία με απασχόληση στην οικογενιακή εργασία στην Ελλάδα :  |b [πτυχιακή εργασία] /  |c επιμέλεια: Βασιλική Δαμιάνοβιτς ; επιβλέπουσα καθηγήτρια: Τρουμπέτα Σεβαστή 
260 |c 2012 
300 |a 94 σ.;  |c 30 εκ. 
500 |a Βιβλιογραφία: σ. 91-94 
502 |a Πτυχιακή εργασία – Πανεπιστήμιο Αιγαίου, Λέσβος, 2012. 
650 0 0 |a Women immigrants  |z Greece  |x Social conditions. 
650 0 0 |a Women domestics  |z Greece  |x Social conditions. 
650 0 0 |a Women alien labor  |z Greece. 
650 0 0 |a Dissertations, Academic  |z Greece. 
700 1 |a Τρουμπέτα, Σεβαστή.  |4 ths 
710 2 |a Πανεπιστήμιο Αιγαίου  |b Σχολή Κοινωνικών Επιστημών  |b Τμήμα Κοινωνιολογίας. 
852 |a INST  |b LESVOS  |c DIATR  |e 20130826  |h 441  |p 005100053110  |q 005100053110  |t DIE  |y 23 
852 |a INST  |b LESVOS  |c DIATR  |e 20130826  |h 442  |p 005100053111  |q 005100053111  |t DIE  |y 23 
856 |u http://hdl.handle.net/11610/7740 
901 |a BIBL1-2013-2 
909 |a Λ  |b 182047 
909 |a Λ  |b 182048 
924 |a ΔΑΜΙΑΝΟΒΙΤΣ  |b ΒΑΣΙΛΙΚΗ  |y ΛΕΣΒΟΣ  |z 2012-04 
970 |a ΤΖΑΦΕΡΗ  |b ΕΥΑΓΓΕΛΙΑ  |z 2013/08/30